logo

Bir Sreshtho Munshi Abdur Rouf Library
Jhenaidah Cadet College

গঙ্গার পানি চুক্তি প্রেক্ষিত ও সম্ভাবনা / (Record no. 6836)

MARC details
000 -LEADER
fixed length control field 00833nam a2200253 a 4500
001 - CONTROL NUMBER
JCCL Control Number 6836
003 - CONTROL NUMBER IDENTIFIER
JCCL marc code BD-JhCC
005 - DATE AND TIME OF LATEST TRANSACTION
control field 20180304174432.0
008 - FIXED-LENGTH DATA ELEMENTS--GENERAL INFORMATION
fixed length control field 180130s1997 b ||||| |||| 00| 0 ben d
020 ## - INTERNATIONAL STANDARD BOOK NUMBER
International Standard Book Number 9844100704
035 ## - SYSTEM CONTROL NUMBER
system control number (BD-JhCC)
040 ## - CATALOGING SOURCE
Original cataloging agency BD-JhCC
Modifying agency BD-JhCC
041 ## - LANGUAGE CODE
Language code of Book ben
082 ## - DEWEY DECIMAL CLASSIFICATION NUMBER
Classification number 954
Author mark and Year GAN 1997
245 ## - TITLE STATEMENT
Title গঙ্গার পানি চুক্তি প্রেক্ষিত ও সম্ভাবনা /
Statement of responsibility, etc তারেক শামসুর রেহমান
260 ## - PUBLICATION, DISTRIBUTION, ETC. (IMPRINT)
Place of publication, distribution, etc ঢাকা :
Name of publisher, distributor, etc মাওলা ব্রাদার্স,
Date of publication, distribution, etc ১৯৯৭
300 ## - PHYSICAL DESCRIPTION
Pagination 101 p. :
Dimensions 22cm.
650 ## - SUBJECT ADDED ENTRY--TOPICAL TERM
Topical term or geographic name as entry element Bangladesh
650 ## - SUBJECT ADDED ENTRY--TOPICAL TERM
Topical term or geographic name as entry element Diplomatic relations
651 ## - SUBJECT ADDED ENTRY--GEOGRAPHIC NAME
General subdivision Foreing relations
Geographic subdivision India
700 ## - ADDED ENTRY--PERSONAL NAME
Personal name রেহমান, তারেক শামসুর
942 ## - ADDED ENTRY ELEMENTS (KOHA)
Source of classification or shelving scheme Dewey Decimal Classification
Koha item type Books
Holdings
Source of classification or shelving scheme Damaged status Not for loan Home library Current library Shelving location Cost, normal purchase price Total Checkouts Full call number Barcode Date last seen Copy number Koha item type
Dewey Decimal Classification     JCC Rouf Library JCC Rouf Library General Stacks 80.00   954 GAN 1997 9451 01/30/2018 C - 1 Books

JCC Library | Contacts | JCC Home

Last Update on 23 September 2017
Copyright @ 2017-2020 JCC Rouf Library
Rouf Library, Jhenidah Cadet College (JCC), Bangladesh